[Event "Regionalliga NW 1415"]
[Site "Bayern"]
[Date "2014.12.07"]
[Round "4.6"]
[White "Hauck, Juergen"]
[Black "Hilgert, Richard"]
[Result "1/2-1/2"]
[WhiteElo "1749"]
[BlackElo "1795"]
[PlyCount "57"]
[EventDate "2014.10.19"]
[EventType "team-tourn"]
[EventRounds "9"]
[EventCountry "GER"]
[SourceTitle "EXT 2018"]
[Source "ChessBase"]
[SourceDate "2017.10.13"]
[SourceVersion "1"]
[SourceVersionDate "2017.10.13"]
[SourceQuality "1"]
[WhiteTeam "Mainaschaff"]
[BlackTeam "Prichsenstadt"]
[WhiteTeamCountry "GER"]
[BlackTeamCountry "GER"]

1. e4 d6 2. d4 Nf6 3. Nc3 g6 4. Nf3 Bg7 5. h3 Nc6 6. Be3 0-0 7. d5 Nb8 8. Qd2 c6 9. 0-0-0 Qa5 10. Kb1 b5 11. dxc6 b4 12. Nd5 Nxc6 13. Nxf6+ Bxf6 14. Bc4 Qc7 15. Bd5 Bb7 16. Nd4 Rfc8 17. Nxc6 Bxc6 18. Bxc6 Qxc6 19. f3 Rc7 20. Qd3 Rac8 21. Rd2 Qa4 22. Rc1 Rc6 23. Qb3 Qb5 24. Rd5 Qe2 25. Rd2 Qb5 26. Qd5 Qa4 27. Qb3 Qb5 28. Qd5 Qa4 29. Qb3 1/2-1/2

[Event "Regionalliga NW 1415"]
[Site "Bayern"]
[Date "2014.11.23"]
[Round "3.6"]
[White "Hilgert, Richard"]
[Black "Stumpf, Alexander"]
[Result "1/2-1/2"]
[WhiteElo "1795"]
[BlackElo "1736"]
[PlyCount "67"]
[EventDate "2014.10.19"]
[EventType "team-tourn"]
[EventRounds "9"]
[EventCountry "GER"]
[SourceTitle "EXT 2018"]
[Source "ChessBase"]
[SourceDate "2017.10.13"]
[SourceVersion "1"]
[SourceVersionDate "2017.10.13"]
[SourceQuality "1"]
[WhiteTeam "Prichsenstadt"]
[BlackTeam "Bad Neustadt"]
[WhiteTeamCountry "GER"]
[BlackTeamCountry "GER"]

1. d4 Nf6 2. Bf4 d6 3. e3 g6 4. Nf3 Bg7 5. h3 0-0 6. Bc4 Nbd7 7. Nbd2 c5 8. c3 d5 9. Be2 b6 10. Ne5 Bb7 11. 0-0 Rc8 12. Qa4 Nxe5 13. Bxe5 a5 14. Rac1 c4 15. Qd1 b5 16. Qe1 Bh6 17. Bh2 Qb6 18. Nf3 Nd7 19. Ne5 Nxe5 20. Bxe5 Rc6 21. Bf3 Re6 22. Bg4 f5 23. Be2 Bg7 24. f4 Rc6 25. a3 Bxe5 26. fxe5 e6 27. Qh4 Rc7 28. g4 Bc8 29. Kh2 b4 30. axb4 axb4 31. Qe1 Ra7 32. Ra1 b3 33. Kg3 Rff7 34. Bf3 1/2-1/2

[Event "Regionalliga NW 1314"]
[Site "Bayern"]
[Date "2013.12.15"]
[Round "4.7"]
[White "Neuberg, Hans Gerhard"]
[Black "Hilgert, Richard"]
[Result "1/2-1/2"]
[WhiteElo "1843"]
[BlackElo "1737"]
[PlyCount "107"]
[EventDate "2013.10.13"]
[EventType "team-tourn"]
[EventRounds "9"]
[EventCountry "GER"]
[SourceTitle "EXT 2015"]
[Source "ChessBase"]
[SourceDate "2014.11.20"]
[SourceVersion "1"]
[SourceVersionDate "2014.11.20"]
[SourceQuality "1"]
[WhiteTeam "Kronach"]
[BlackTeam "Prichsenstadt"]
[WhiteTeamCountry "GER"]
[BlackTeamCountry "GER"]

1. e4 d6 2. d4 Nf6 3. Nc3 g6 4. Bg5 Bg7 5. Nf3 h6 6. Bh4 0-0 7. e5 Nfd7 8. e6 fxe6 9. Bd3 Kh7 10. Ng5+ hxg5 11. Qh5+ Kg8 12. Bxg6 Nf6 13. Qxg5 Bd7 14. Ne2 Be8 15. Bd3 c5 16. 0-0 Qc8 17. c3 c4 18. Bc2 Qc6 19. Nf4 Bf7 20. Rfe1 Qd7 21. Re3 Nh7 22. Bxh7+ Kxh7 23. Rxe6 Bxe6 24. Qg6+ Kg8 25. Nxe6 Rf7 26. Re1 Qb5 27. g4 Nc6 28. Nc7 Qxb2 29. Nxa8 Qxc3 30. Re3 Qxd4 31. Nc7 Ne5 32. Qe6 Qd1+ 33. Kg2 Qxg4+ 34. Qxg4 Nxg4 35. Rxe7 Rxe7 36. Bxe7 c3 37. Nb5 c2 38. Bg5 Bh6 39. Nd4 Bxg5 40. Nxc2 Bf4 41. Kf3 Bxh2 42. Kxg4 Kf7 43. f4 Bg1 44. Nb4 a5 45. Nd3 b5 46. Kf5 Bc5 47. Ke4 a4 48. Kd5 b4 49. Kc4 b3 50. axb3 axb3 51. Kxb3 Be3 52. Kc4 Ke6 53. f5+ Kxf5 54. Kd5 1/2-1/2

[Event "Unterfranken-ch M2 59th"]
[Site "Rieneck"]
[Date "2008.03.29"]
[Round "9"]
[White "Hilgert, Richard"]
[Black "Voelker, Joachim"]
[Result "1/2-1/2"]
[WhiteElo "1790"]
[BlackElo "1708"]
[PlyCount "49"]
[EventDate "2008.03.24"]
[EventType "swiss"]
[EventRounds "9"]
[EventCountry "GER"]
[SourceTitle "EXT 2015"]
[Source "ChessBase"]
[SourceDate "2014.11.20"]
[SourceVersion "1"]
[SourceVersionDate "2014.11.20"]
[SourceQuality "1"]

1. d4 d5 2. Nf3 Nf6 3. Bf4 e6 4. e3 Be7 5. Nbd2 Nbd7 6. Bd3 c5 7. c3 a6 8. Qe2 Nf8 9. Ne5 Ng6 10. Bg3 Bd6 11. Ndf3 Ne4 12. Nxg6 hxg6 13. Be5 Bxe5 14. Nxe5 Qg5 15. Bxe4 dxe4 16. 0-0-0 cxd4 17. cxd4 Bd7 18. Nxd7 Kxd7 19. g3 Rac8+ 20. Kb1 Qd5 21. Qd2 Rc6 22. Rc1 Rhc8 23. Qb4 Rc4 24. Qd2 Qb5 25. b3 1/2-1/2

[Event "Unterfranken-ch M2 59th"]
[Site "Rieneck"]
[Date "2008.03.28"]
[Round "7"]
[White "Blank, Stefan"]
[Black "Hilgert, Richard"]
[Result "0-1"]
[WhiteElo "1848"]
[BlackElo "1790"]
[PlyCount "118"]
[EventDate "2008.03.24"]
[EventType "swiss"]
[EventRounds "9"]
[EventCountry "GER"]
[SourceTitle "EXT 2015"]
[Source "ChessBase"]
[SourceDate "2014.11.20"]
[SourceVersion "1"]
[SourceVersionDate "2014.11.20"]
[SourceQuality "1"]

1. e4 d6 2. d3 c5 3. Nf3 Nc6 4. g3 g6 5. Bg2 Bg7 6. 0-0 Nf6 7. c3 Qb6 8. a4 0-0 9. Na3 Be6 10. Nd2 Ne5 11. Qc2 Qa5 12. Nb5 Rfc8 13. f4 Neg4 14. Nf3 Qb6 15. c4 h5 16. h3 Nh6 17. Nc3 Nh7 18. Nh4 Bd7 19. Nd5 Qd8 20. Bd2 e6 21. Ne3 Bd4 22. Nf3 Bg7 23. g4 f6 24. Bc3 e5 25. fxe5 fxe5 26. gxh5 gxh5 27. Bd2 Nf8 28. Nd5 Ne6 29. Be3 Bc6 30. Qd2 Nf7 31. Qf2 Bxd5 32. exd5 Nf4 33. Nd2 Bh6 34. Kh1 Kh8 35. Be4 Ng5 36. Bxf4 Nxh3 37. Qg2 Nxf4 38. Qg3 Qg5 39. Qxg5 Bxg5 40. Rg1 Rg8 41. Nf3 Be7 42. Raf1 h4 43. Rf2 Rg3 44. Rh2 Rxg1+ 45. Kxg1 Rg8+ 46. Kf2 h3 47. Bf5 Kg7 48. Ke3 Rh8 49. Ng1 Bg5 50. Kf3 Kf6 51. Be4 Rh5 52. Kg3 Nxd3 53. Rxh3 Rxh3+ 54. Nxh3 Nxb2 55. Nxg5 Kxg5 56. Bc2 Nxc4 57. Kf3 Nb6 58. Ke4 Nd7 59. Bb3 Nf6+ 0-1

[Event "Unterfranken-ch M2 59th"]
[Site "Rieneck"]
[Date "2008.03.25"]
[Round "3"]
[White "Hilgert, Richard"]
[Black "Reitz, Helmut"]
[Result "0-1"]
[WhiteElo "1790"]
[BlackElo "1832"]
[PlyCount "68"]
[EventDate "2008.03.24"]
[EventType "swiss"]
[EventRounds "9"]
[EventCountry "GER"]
[SourceTitle "EXT 2015"]
[Source "ChessBase"]
[SourceDate "2014.11.20"]
[SourceVersion "1"]
[SourceVersionDate "2014.11.20"]
[SourceQuality "1"]

1. d4 Nf6 2. Nf3 d5 3. Bf4 c5 4. e3 Bg4 5. Be2 e6 6. Nbd2 Nc6 7. c3 Be7 8. h3 Bh5 9. Ne5 Nxe5 10. Bxe5 Bxe2 11. Qxe2 0-0 12. 0-0 Rc8 13. Qb5 b6 14. Rac1 Ne8 15. Qe2 Bd6 16. Bxd6 Qxd6 17. f4 Nf6 18. g4 Ne4 19. Nxe4 dxe4 20. Kg2 f5 21. g5 Rc7 22. Rc2 Rfc8 23. Rd2 Qc6 24. dxc5 Qxc5 25. Rfd1 Re8 26. Rd8 Rce7 27. Qd2 Kf7 28. Qd4 Rxd8 29. Qxd8 Qxe3 30. Rd7 Qf3+ 31. Kg1 Qg3+ 32. Kf1 Qxh3+ 33. Kg1 Qe3+ 34. Kg2 Qc5 0-1

[Event "IECG WC.2006.P.00003 email"]
[Site "IECG email"]
[Date "2003.01.22"]
[Round "?"]
[White "Hilgert, Richard"]
[Black "Robson, Nigel"]
[Result "0-1"]
[WhiteElo "1595"]
[BlackElo "2321"]
[PlyCount "60"]
[EventDate "2003.01.22"]
[EventType "tourn (corr)"]
[EventRounds "10"]
[SourceTitle "Corr 2008"]
[Source "ChessBase"]
[SourceDate "2008.06.24"]
[SourceVersion "1"]
[SourceVersionDate "2008.06.24"]
[SourceQuality "1"]

1. d4 Nf6 2. c4 e6 3. Nc3 Bb4 4. Qc2 0-0 5. a3 Bxc3+ 6. Qxc3 b6 7. Bg5 Bb7 8. Qg3 c5 9. e3 cxd4 10. exd4 d5 11. Bh6 Ne8 12. Nf3 Nc6 13. Bg5 f6 14. Be3 Nd6 15. Qh3 Bc8 16. Bd3 g6 17. cxd5 exd5 18. Qg3 Ne7 19. Nh4 Ne4 20. Bxe4 dxe4 21. 0-0 Kh8 22. f4 Nd5 23. Rad1 f5 24. Rfe1 Ba6 25. Qf2 g5 26. fxg5 f4 27. Bc1 e3 28. Qc2 Qxg5 29. Nf3 Qf5 30. Kh1 Qxc2 0-1

[Event "IECG WC.2006.P.00003 email"]
[Site "IECG email"]
[Date "2003.01.22"]
[Round "?"]
[White "Paurevic, Drago"]
[Black "Hilgert, Richard"]
[Result "1/2-1/2"]
[WhiteElo "1333"]
[BlackElo "1595"]
[PlyCount "54"]
[EventDate "2003.01.22"]
[EventType "tourn (corr)"]
[EventRounds "10"]
[SourceTitle "Corr 2008"]
[Source "ChessBase"]
[SourceDate "2008.06.24"]
[SourceVersion "1"]
[SourceVersionDate "2008.06.24"]
[SourceQuality "1"]

1. e4 e5 2. Nf3 Nf6 3. Nxe5 d6 4. Nf3 Nxe4 5. Qe2 Qe7 6. d3 Nf6 7. Bg5 Qxe2+ 8. Bxe2 Be7 9. Nc3 0-0 10. 0-0 h6 11. Bh4 Re8 12. Rfe1 g5 13. Bg3 a6 14. h4 g4 15. Nd2 Nc6 16. Bf4 Kg7 17. Be3 Nb4 18. Rac1 Nfd5 19. Bd4+ Kh7 20. Nxd5 Nxd5 21. g3 c5 22. Be3 Nxe3 23. fxe3 Be6 24. Rf1 h5 25. c4 f5 26. Bd1 Bf6 27. Kf2 Re7 1/2-1/2

[Event "IECG CP.2002.P.00009 email"]
[Site "IECG email"]
[Date "2002.10.01"]
[Round "?"]
[White "Hilgert, Richard"]
[Black "Gordon, Tom"]
[Result "0-1"]
[WhiteElo "1690"]
[BlackElo "1000"]
[PlyCount "74"]
[EventDate "2002.10.01"]
[EventType "tourn (corr)"]
[EventRounds "6"]
[EventCountry "NOR"]
[SourceTitle "Corr 2008"]
[Source "ChessBase"]
[SourceDate "2008.06.24"]
[SourceVersion "1"]
[SourceVersionDate "2008.06.24"]
[SourceQuality "1"]

1. d4 Nf6 2. c4 e6 3. Nf3 d5 4. cxd5 exd5 5. Bg5 Be7 6. e3 0-0 7. Nc3 Nc6 8. Be2 Ne4 9. Bxe7 Nxe7 10. Rc1 a6 11. Bd3 Nf6 12. Qc2 Qd6 13. h3 Re8 14. 0-0 Be6 15. e4 dxe4 16. Nxe4 Nxe4 17. Bxe4 f5 18. Bxb7 Ra7 19. Bc6 Nxc6 20. Qxc6 Qxc6 21. Rxc6 Bd5 22. Rc5 Bxf3 23. gxf3 g6 24. Rfc1 Re7 25. b4 Rb7 26. a3 Rd7 27. R1c4 Kf7 28. Rc6 Ra7 29. Kg2 Ke7 30. Kg3 Kd8 31. Kf4 Rd5 32. R6c5 Rd7 33. Ke3 Re7+ 34. Re5 Rd7 35. h4 Rd6 36. h5 c6 37. Rxc6 Rxc6 0-1